[Event "St Petersburg Botvinnik 100 op"]
[Site "St Petersburg"]
[Date "2011.08.16"]
[Round "5"]
[White "Novoselov, Igor"]
[Black "Bulavin, Alexander"]
[Result "0-1"]
[WhiteElo "1964"]
[BlackElo "2196"]
[PlyCount "84"]
[EventDate "2011.08.12"]
[EventType "swiss"]
[EventRounds "9"]
[EventCountry "RUS"]
[SourceTitle "CBM 143 Extra"]
[Source "ChessBase"]
[SourceDate "2011.08.29"]
[SourceVersion "1"]
[SourceVersionDate "2011.08.29"]
[SourceQuality "1"]

1. e4 e5 2. Nc3 Nc6 3. Bc4 Bc5 4. d3 d6 5. Nf3 h6 6. Be3 Bxe3 7. fxe3 Na5 8. Bb3 Nxb3 9. axb3 Ne7 10. 0-0 Ng6 11. d4 Be6 12. dxe5 dxe5 13. Qe2 c6 14. Rfd1 Qe7 15. Ra5 f6 16. Rda1 a6 17. Nd2 Rd8 18. Rd1 0-0 19. Raa1 Qc5 20. Rac1 b5 21. Nf3 a5 22. Ra1 Qb6 23. Rxd8 Rxd8 24. Rd1 Rxd1+ 25. Nxd1 Qc5 26. g3 Bg4 27. Kg2 Nh8 28. h3 Bxf3+ 29. Kxf3 Nf7 30. h4 Qb4 31. Nc3 Nd6 32. Qd3 h5 33. Ke2 Kf7 34. Na2 Qc5 35. Nc3 Ke7 36. Kf3 Qb4 37. Kf2 a4 38. bxa4 Qxb2 39. axb5 Qxc3 40. bxc6 Qxc6 41. Qa3 Qxc2+ 42. Kf1 Qxe4 0-1